| 000 | 00364nam a2200145 i 4500 | ||
|---|---|---|---|
| 001 | bg | ||
| 100 | 1 | _aJAblonskij, A. A. | |
| 245 |
_aKurs teoreticeskoj mechaniki / _cA.A. JabloĊskij, V.M. Nikiforova. |
||
| 260 |
_aMoskva, _c1971. |
||
| 700 | 1 | _aNikiforova, V. M | |
| 040 | _cBPK | ||
| 041 | _apol | ||
| 942 | _cKS | ||
| 008 | s pl f |000 0 pol | ||
| 999 |
_c14072 _d14072 |
||
| 856 |
_uhttp://koha.tu.koszalin.pl/cgi-bin/koha/opac-detail.pl?biblionumber=14072 _yKatalog online BPK |
||